LEADER 00957nam a2200229 i 4500 001 000000145848 003 CaOOAMICUS 005 20051209000000.0 008 051209s1981 it u000 u ita u 013 $a121240 040 $aSeMil$bita 100 1 $aPensa, Pietro <1906-1996>.$0(OLS)http://semarc/name/6019 245 10$aNoi gente del Lario :$bnatura, storia, tradizioni /$cPietro Pensa. 260 $aComo :$bPietro Cairoli,$cCopyr. 1981 (stampa 1982) 300 $a685 p. :$btabelle, Ill., tav. ;$c27 cm. 500 $aContiene : Bibliografia. 650 4$aLago di Como.$0(OLS)http://semarc/subject/2033 850 $aSeMil 852 $aSeMil$W1$xVenegono$y1$m3P IV 6$j98571$B98571$CSeMilBibl$Z2$F107208 $81 961 $aOmaggio: Biblioteca Seminario Seveso (fino al 1985) 996 $6245$aNoi gente del Lario :$bnatura, storia, tradizioni$9(OLS)http://semarc/title/213233 996 $6260$aComo :$bPietro Cairoli$9(OLS)http://semarc/publisher/32381 LEADER 01154nam a2200265 i 4500 001 000000131585 003 CaOOAMICUS 005 20250603150201.0 008 041122s1968 it u000 u ita u 040 $aSeMil$bita 100 1 $aHemingway, Ernest,$d<1898-1961>.$0(OLS)http://semarc/name/6998 245 00$aErnest Hemingway :$bpremio Nobel per la letteratura 1954. 246 08$aLa vita e l'opera 264 1$aMilano :$bFratelli Fabbri Editori,$c1968. 300 $a262 p. ;$c23 cm. 490 1 $aI premi Nobel per la letteratura ;$v50. 600 14$aHemingway, Ernest <1899-1961>.$0(OLS)http://semarc/subject/15597 830 2$aI premi Nobel per la letteratura ;$v50.$0(OLS)http://semarc/title/407024 850 $aSeMil 852 $aSeMil$W1$xVenegono$y1$m1W V 342$j257717$B85562$CSeMilBibl$Z2$F89285 $81 961 $aRecupero: Seminario di Seveso 996 $6245$aErnest Hemingway :$bpremio Nobel per la letteratura 1954$9(OLS)http://semarc/title/454107 996 $6246$aLa vita e l'opera$9(OLS)http://semarc/title/193368 996 $6264$aMilano :$bFratelli Fabbri Editori$9(OLS)http://semarc/publisher/29845